000 00757nam a22001457a 4500
999 _c524238
_d524238
008 231106b ||||| |||| 00| 0 eng d
100 _aSingh, Mayengbam Nandakishwor
_945730
245 _aLocal government, constitutional democracy and federal predicaments in India
260 _aIndian Journal of Public Administration
300 _a69(3), Sep, 2023: p.678-687
520 _aLocal government can share the administrative workloads and tackle local affairs democratically and with better understanding. It serves as one of the cornerstones of building democracy from the grassroots level. The increasing trend of decentralisation . – Reproduced
773 _aIndian Journal of Public Administration
906 _aLOCAL GOVERNMENT
942 _cAR